Applied APL programming
Saved in:
| Main Author: | |
|---|---|
| Format: | Book |
| Language: | English |
| Published: |
Englewood Cliffs, N.J. :
Prentice-Hall,
c1978
|
| Subjects: | |
| Tags: |
Add Tag
No Tags, Be the first to tag this record!
|
MARC
| LEADER | 00000cam a2200000 i 4500 | ||
|---|---|---|---|
| 001 | 1/38805 | ||
| 008 | 950217s1978 eng d | ||
| 020 | |a 0130400637 | ||
| 035 | |l 10024931 | ||
| 040 | |a GR-MY-UA |b gre |e aacr | ||
| 041 | 0 | |a eng | |
| 082 | 0 | |a 001.6424 | |
| 100 | 1 | |a Le Page, Wilbur R. | |
| 245 | 1 | 0 | |a Applied APL programming / |c Wilbur R. LePage |
| 260 | |a Englewood Cliffs, N.J. : |b Prentice-Hall, |c c1978 | ||
| 300 | |a xi, 308 p.; |b ill.; |c 28 cm | ||
| 500 | |a Includes index | ||
| 650 | 0 | 0 | |a APL (Computer program language) |
| 852 | |a INST |b CHIOS |e 19950217 |h 001.6424 LEP |p 005200006808 |q 005200006808 |t BK |y 0 | ||
| 909 | |a Χ |b 002925 | ||